00433cam a2200157ua 45000010005000000080039000050400009000440820013000531000031000662450046000972500009001432600053001523000017002056530027002226530026002493409111022n ii |||gr||||Z||||||asm cMAIN a891.45131 aDutta, Hemo Lata,eAuthor.11aRajanigandhar chakulucby Hemo Lata Dutta a1st. aJorhat:bUpendra Nath Dutta swaroni prokash,993. a239p:c23cm. aAssamese short stories aRajanigandhar chakulu